Sąsiedzi Polski w Historii - Statystyki

Ogólne statystyki
  • Ten quiz został rozwiązany 94 razy
  • Średni wynik to 10 z 29
Answers on the Grid
Answers color-coded by a green-red scale on the quiz's grid according to % correct below.
Białoruś
Cesarstwo Austriackie
Cygania
Czechosłowacja
Czechy
Finlundia
Gospodarstwo Mołdawskie
Hospodarstwo Mołdawskie
Imperium Osmańskie
Kijów Ruski
Królestwo Austriackie
Królestwo Danii
Królestwo Kopanickie
Królestwo Pruskie
Królestwo Szwecji
Królestwo Węgierskie
Księstwo Halickie
Księstwo Halinki
Księstwo Kopanickie
Księstwo Mazowieckie
Księstwo Riazańskie
Księstwo Riazanyskie
Księstwo Włodzimierskie
Łatwa
Litwa
Łotwa
Marchia Brandenburska
Mazowia
Monarchia Brandenburska
Monarchia Kopanicka
Niemcy
Nowogród
Ókraina
Państwo Zakonu Krzyżackiego
Prusy Osmańskie
Republika Kopanicka
Republika Nowogrodzka
Republika Paskowska
Republika Pskowska
Rosja
Rumunia
Ruś Kijowska
Rzeczypospolita Kopanicka
Słowacja
Ukraina
Unia Wielecka
Zakon Krzyżacki Wschodni
Zakon Socjalistycznych Republik Radzieckich
Zjednoczony Zakon Krzyżacki
Złota Orda
Związek Wielecki
 
Statystyki odpowiedzi
Odpowiedź % Poprawnych
Białoruś
93%
Czechy
93%
Czechosłowacja
85%
Cesarstwo Austriackie
69%
Litwa
56%
Rosja
50%
Imperium Osmańskie
48%
Ukraina
48%
Niemcy
46%
Słowacja
46%
Królestwo Pruskie
35%
Łotwa
33%
Hospodarstwo Mołdawskie
31%
Ruś Kijowska
31%
Rumunia
30%
Królestwo Węgierskie
28%
Księstwo Mazowieckie
24%
Państwo Zakonu Krzyżackiego
24%
Księstwo Halickie
20%
Królestwo Szwecji
19%
Marchia Brandenburska
17%
Złota Orda
15%
Królestwo Danii
13%
Republika Nowogrodzka
13%
Księstwo Włodzimierskie
11%
Republika Pskowska
11%
Księstwo Riazańskie
9%
Związek Wielecki
9%
Księstwo Kopanickie
4%
Nie znaleziono quizów pasujących do podanych kryteriów
Rozkład punktacji
Procent ludzi z każdym wynikiem
Percentyl według liczby udzielonych odpowiedzi
Twoja historia wyników
Nie rozwiązałeś tego quizu